LEADER 01127nam0 2200325 450 001 000000514 005 20080618154010.0 010 $a88-7989-252-5 100 $a20000128d1997----km-y0itay50------ba 101 0 $aita 102 $aIT 105 $aa-------001yy 200 1 $aStoria del capitalismo italiano dal dopoguerra ad oggi$fFranco Amatori, Alessandro Arrighetti ... [et al.]$ga cura di Fabrizio Barca 210 $aRoma$cDonzelli$d1997 215 $aXIV, 634 p.$cill.$d22 cm 225 2 $aProgetti Donzelli 410 0$12001$aProgetti Donzelli 610 1 $aCapitalismo$aItalia$aStoria 610 1 $aCapitalismo$aItalia$a1947-1995 676 $a330.1220945$v20$9Sistemi economici. Economia della libera impresa. Italia 676 $a330.15 700 1$aAmatori,$bFranco$0128177 701 1$aArrighetti,$bAlessandro$0106812 702 1$aBarca,$bFabrizio 801 0$aIT$bUNIPARTHENOPE$gRICA$2UNIMARC 912 $a000000514 951 $a330-S/42$b33674$cNAVA1$d20000128 951 $a041/122$b8352$cNAVA2 996 $aStoria del capitalismo italiano dal dopoguerra ad oggi$91223307 997 $aUNIPARTHENOPE LEADER 01440nam 2200397 450 001 000018156 005 20061104011825.0 010 $a88-424-9444-5 100 $a20050318d1997----km-y0itay0103----ba 101 0 $aita 102 $aIT 200 1 $a<> umane parole$el'imitazione nella lirica europea del Rinascimento da Bembo a Ben Jonson$fNicola Gardini 200 1 $a1 $n0003377 210 $aMilano$cBruno Mondadori$dc1997 215 $a248 p.$d17 cm. 225 2 $aTesti e pretesti 410 0$12001$aTesti e pretesti 606 $aPoesia lirica$zSec. 16. 676 $a809.104$v(21. ed.)$9Storia, descrizione, studi critici di più letterature. Poesia lirica e ballata 700 1$aGardini,$bNicola$0175974 801 0$aIT$bUniversità della Basilicata - B.I.A.$gRICA$2unimarc 912 $a000018156 996 $aUmane parole$984053 997 $aUNIBAS BAS $aLETTERE CAT $aSTD037$b01$c20050318$lBAS01$h1032 CAT $aDILEO$b01$c20050419$lBAS01$h1308 CAT $c20050601$lBAS01$h1756 CAT $abatch$b01$c20050718$lBAS01$h1053 CAT $c20050718$lBAS01$h1112 CAT $c20050718$lBAS01$h1142 CAT $c20050718$lBAS01$h1157 CAT $aATR$b20$c20061104$lBAS01$h0118 CAT $aBATCH$b00$c20070503$lBAS01$h1733 FMT Z30 -1$lBAS01$LBAS01$mBOOK$1BASA1$APolo Storico-Umanistico$2DID$BDidattica$3FP/102495$6102495$5L102495$820050318$f04$FPrestabile Didattica LEADER 01565nam 2200397 a 450 001 9910692191603321 005 20031104081447.0 035 $a(CKB)5470000002351514 035 $a(OCoLC)53340987 035 9 $aocm53340987 035 $a(OCoLC)995470000002351514 035 $a(EXLCZ)995470000002351514 100 $a20031104d2003 ua 0 101 0 $aeng 135 $aurmn|||||| 181 $ctxt$2rdacontent 182 $cc$2rdamedia 183 $acr$2rdacarrier 200 10$aDepartment of Health and Human Services$b[electronic resource] $eamounts charged to the department of events attended by the President 210 1$aWashington, DC :$cU.S. General Accounting Office,$d[2003] 300 $aTitle from title screen (viewed on Nov. 3, 2003). 300 $a"June 9, 2003." 300 $aPaper version available from: General Accounting Office, 441 G St., NW, Rm. LM, Washington, D.C. 20548. 300 $a"GAO-03-791R." 320 $aIncludes bibliographical references. 330 $aReport evaluates amounts charged to the Department of Health and Human Services (HHS) by the White House for events attended by President George W. Bush. 517 $aDepartment of Health and Human Services 700 $aCalbom$b Linda M$01380882 712 02$aUnited States.$bGeneral Accounting Office. 712 02$aUnited States.$bDepartment of Health and Human Services. 801 0$bGPO 801 1$bGPO 906 $aBOOK 912 $a9910692191603321 996 $aDepartment of Health and Human Services$93431571 997 $aUNINA